000
00213 a2200097 4500
001
25822
100
_a
Sidhwa, J B
245
_a
Textbook of Inorganic Chemistry
260
_a
_b
Iqbal Pub
_c
090
_c
17449
_d
17449
942
_a
NUST-CAE
_c
M
_c
8279
999
_c
260895
_d
260895